Infante D. Henrique (Registo nº 1759)

Detalhes MARC
000 -Etiqueta do registo
Cabeçalho 00954nam a22003251 4500
005 - Identificador da versão
Campo de controlo 20240813121915.0
095 ## -
-- PTBN01009469
010 ## - Número internacional normalizado dos livros (ISBN)
Número (ISBN) 9724105075
021 ## - Número do Depósito Legal
Código do país PT
Número 121419/98
100 ## - Dados gerais de processamento
Dados gerais de processamento 20070504d1998 da y0pory5003 ba
102 ## - Pais de publicação ou produção
País de publicação Portugal
101 0# - Língua de publicação
Língua do texto, banda sonora, etc. Português
106 ## - Campo de dados codificados: material textual
Dados codificados do material textual r
105 ## - Campo de dados codificados: livros
Dados codificados dos livros a t 000zy
215 ## - Descrição física 
Indicação específica da natureza do documento e extensão da espécie 36, [1] p.
Outras indicações físicas todo il.
Dimensões 30 cm
200 1# - Titulo e menção de responsabilidade
Título próprio Infante D. Henrique
Informação de outro título senhor dos mares...
Primeira menção de responsabilidade texto de Margarida Brandão
Outras menções de responsabilidade des. Baptista Mendes
225 2# - Colecção 
Título próprio da colecção Navegadores portugueses
Indicação de volume 2
205 ## - Menção da edição
Menção da edição 2ª ed
210 ## - Publicação, Distribuição, etc. 
Lugar da edição, distribuição, etc. Porto
Nome do editor, distribuidor, etc. Asa
Data da publicação, distribuição, etc. 1998
606 ## - Nome comum usado como assunto
Número de registo de entrada de autoridade 0000223
Palavra de ordem Literatura portuguesa infanto-juvenil
Subdivisão de assunto Banda desenhada
Número de registo de entrada de autoridade 0000251
Palavra de ordem Biografia
Subdivisão geográfica Portugal
675 ## - Classificação Decimal Universal (CDU)
Notação 821.134.3-9
Edição
Língua da edição por
701 #1 - Nome de autor-pessoa física (co-responsabilidade principal)
Palavra de ordem Mendes
Outra parte do nome não tomada para palavra de ordem Baptista
Código de função Ilustrador / Técnico de desenho computorizado
700 #1 - Nome de autor-pessoa física (responsabilidade principal)
Número de registo de entrada de autoridade 0000252
Palavra de ordem Brandão
Outra parte do nome não tomada para palavra de ordem Margarida
Datas 1944-
942 ## - Elementos de entrada adicionados (Koha)
Tipo de item no Koha Livro
Exemplares
Situação do levantamento Origin of item (home branch) (coded) Biblioteca de empréstimo Código de barras Cota Circulation type (not for loan) Tipo de documento Nota do exemplar Damaged status
  Biblioteca Escolar da Coca Maravilhas Biblioteca Escolar da Coca Maravilhas BECM7582/06 8BD BRA   Livro Sem mensagem